Patología general y anatomía patológica de la tuberculosis pulmonar / (Record no. 112047)

MARC details
000 -LEADER
campo de control de longitud fija 00723nam a2200193 4500
001 - NÚMERO DE CONTROL
campo de control 112047
003 - IDENTIFICADOR DE NÚMERO DE CONTROL
campo de control ES-MaACL
005 - FECHA Y HORA DE LA ÚLTIMA TRANSACCIÓN
campo de control 20250818153311.0
007 - CAMPO FIJO DE DESCRIPCIÓN FÍSICA--INFORMACIÓN GENERAL
campo de control de longitud fija t|
008 - DATOS DE LONGITUD FIJA--INFORMACIÓN GENERAL
campo de control de longitud fija 061121s1948 sp r ||||1| spa d
100 1# - ENTRADA PRINCIPAL--NOMBRE DE PERSONA
Nombre de persona Navarro Gutiérrez, Rafael.
9 (RLIN) 85135
245 10 - MENCIÓN DEL TÍTULO
Título Patología general y anatomía patológica de la tuberculosis pulmonar /
Mención de responsabilidad, etc. por los Dres. Rafael Navarro Gutiérrez, Fernando Paz Espeso , José lvarez-Sala Moris.
260 ## - PUBLICACIÓN, DISTRIBUCIÓN, ETC.
Lugar de publicación, distribución, etc. Barcelona [etc.] :
Nombre del editor, distribuidor, etc. Científico Médica,
Fecha de publicación, distribución, etc. 1948.
300 ## - DESCRIPCIÓN FÍSICA
Extensión XII, 773 p. :
Otras características físicas il ;
Dimensiones 25 cm.
700 1# - ENTRADA AGREGADA--NOMBRE PERSONAL
Nombre de persona Paz Espeso, Fernando.
9 (RLIN) 89768
700 1# - ENTRADA AGREGADA--NOMBRE PERSONAL
Nombre de persona Álvarez-Sala Moris, José Luis,
Fechas asociadas al nombre 1912-2003
9 (RLIN) 20958
852 ## - LOCALIZACIÓN
Ubicación ES-MaACL
Número de control de estantería C-5469
Sublocalización o colección R.25722
Holdings
Estatus retirado Estado de pérdida Estado de daño No para préstamo Biblioteca de origen Biblioteca actual Ubicación en estantería Fecha de adquisición Fuente de adquisición Total de préstamos Signatura topográfica completa Código de barras Visto por última vez Precio de reemplazo Tipo de ítem Koha
        Biblioteca del Ateneo de Madrid Biblioteca del Ateneo de Madrid Sala Palomar 17/01/2008     C-5469 1116875 23/02/2023 23/02/2023 Libro impreso